000 00761nam a2200205 i 4500
001 50487
003 ES-MaACL
005 20250828085613.0
007 t|
008 030805s1972 sp ||||1| spa d
100 1 _aCuadrado Muñiz, Adolfo.
_941900
245 1 0 _aHispanismos en el tagalo /
_crealizada por Adolfo Cuadrado Muñiz ; [revisada por Antonio M. Molina ; estudio preliminar por Rodolfo Barón Castro].
260 _aMadrid :
_bOficina de Educación Iberoamericana,
_c1972.
300 _aLXXX, 632 p. ;
_c22 cm.
700 1 _aMolina, Antonio M.
_981879
700 1 _aBarón Castro, Rodolfo,
_d1909-1986
_925775
710 2 _aOficina de Educación Iberoamericana
_96018
852 _aES-MaACL
_jC-55961
_bR.88398
999 _c50487
_d50487